KOHA-Header-6

The Silent language of leaders (Record no. 517)

000 -LEADER
fixed length control field 00314nam a2200121Ia 4500
008 - FIXED-LENGTH DATA ELEMENTS--GENERAL INFORMATION
fixed length control field 190722s9999 xx 000 0 und d
020 ## - INTERNATIONAL STANDARD BOOK NUMBER
International Standard Book Number 978-0-470-87636-7
100 ## - MAIN ENTRY--PERSONAL NAME
Personal name Carol Kinsey Goman
245 #4 - TITLE STATEMENT
Title The Silent language of leaders
260 ## - PUBLICATION, DISTRIBUTION, ETC. (IMPRINT)
Place of publication, distribution, etc America
Name of publisher, distributor, etc Jossey Bass A Wiley
Date of publication, distribution, etc 2011
300 ## - PHYSICAL DESCRIPTION
Extent 278
942 ## - ADDED ENTRY ELEMENTS (KOHA)
Koha item type Books
Holdings
Withdrawn status Lost status Source of classification or shelving scheme Damaged status Not for loan Permanent Location Current Location Shelving location Date acquired Full call number Barcode Date last seen Price effective from Koha item type
          MAJU MAJU Shelf No.A14 2019-07-22 650.13 7143 2019-07-22 2019-07-22 Books

Powered by Koha